00295nam a2200109Ia 4500008004100000041000800041082001500049100002100064245004300085260004900128300000800177231228s9999 xx 000 0 und d aeng a153.8bDWE aDWECK (Carol S.) aMindset: The New Psychology of Success aUSAbBallantine Books Trade Paperback U.S.A. a277